000 00458nam a2200181Ia 4500
001 3228
005 20260306144905.0
008 260306t2012||||xx |||||||||||||| ||spa||
041 _aESP
082 _a262.52
_bI99
100 _aIzquierdo, César
_eAUT
245 0 _aPara comprender el Vaticano II:
_bsíntesis histórica y doctrinal
260 _c2012
300 _a218 páginas :
_c21 cm.
650 _aGEN
654 _aCHU
942 _cLIB
_dJUS
_fJUS
_2ddc
_n
999 _c3228
_d3228